| 000 | 00557nam a2200193 a 4500 | ||
|---|---|---|---|
| 005 | 20240925064429.0 | ||
| 008 | 991125s1978 mx 000 0 spa u | ||
| 035 | _aUPN01000044505 | ||
| 049 | _aCG | ||
| 050 | 4 |
_aHQ769 _bG6.68 |
|
| 100 | 1 |
_aGordon, Thomas, _d1918-2002 |
|
| 245 | 1 | 0 |
_aP.E.T. en acción / _cThomas Gordon ; tr. Guadalupe García de León. |
| 260 |
_aMéxico : _bDiana, _c1978. |
||
| 300 | _a383 p. | ||
| 650 | 4 |
_aEducación _zEstados Unidos _9803 |
|
| 650 | 4 |
_aEducación familiar _97274 |
|
| 650 | 4 |
_aPadres e hijos _91360 |
|
| 905 | _aLibro | ||
| 999 |
_c44505 _d44505 |
||